The forest resources of Malaysia (Record no. 63238)
[ view plain ]
| 000 -LEADER | |
|---|---|
| fixed length control field | 00631nam a2200145 a 4500 |
| 008 - FIXED-LENGTH DATA ELEMENTS--GENERAL INFORMATION | |
| fixed length control field | 120416s1986 xx |||||||||||||| || u |
| 050 ## - LIBRARY OF CONGRESS CALL NUMBER | |
| Classification number | SD 235.M3 Kum |
| 100 ## - MAIN ENTRY--PERSONAL NAME | |
| Personal name | Kumar, Raj |
| 245 14 - TITLE STATEMENT | |
| Title | The forest resources of Malaysia |
| 246 ## - | |
| -- | their economics and development |
| 260 ## - PUBLICATION, DISTRIBUTION, ETC. | |
| Date of publication, distribution, etc. | 1986 |
| 350 ## - | |
| -- | 0.00 |
| 995 ## - | |
| -- | MAIN LIBRARY OPEN ACCESS |
| -- | 0.00 |
| -- | 712575 |
| -- | CBU-MAIN LIBRARY (Kitwe) |
| -- | 1 |
| -- | 0.00 |
| -- | SD 235.M3 Kum |
| -- | 1 |
| -- | AVAILABLE |
| -- | 013372 |
| -- | Main Library Open Access Collection |
| 995 ## - | |
| -- | ANNEX COLLECTION (Main Library) |
| -- | 0.00 |
| -- | 712577 |
| -- | CBU-MAIN LIBRARY (Kitwe) |
| -- | 2 |
| -- | 0.00 |
| -- | SD 235.M3 Kum |
| -- | 2 |
| -- | AVAILABLE |
| -- | 013373 |
| -- | Annex Low-Usage Collection |
| 999 ## - | |
| -- | 63238 |
| -- | 63238 |
| Withdrawn status | Lost status | Source of classification or shelving scheme | Damaged status | Not for loan | Permanent Location | Current Location | Shelving location | Date acquired | Total Checkouts | Full call number | Barcode | Date last seen | Price effective from | Koha item type |
|---|---|---|---|---|---|---|---|---|---|---|---|---|---|---|
| CBU-MAIN LIBRARY, KITWE. | CBU-MAIN LIBRARY, KITWE. | 12/24/2022 | SD 235.M3 Kum | 013372 | 12/24/2022 | 12/24/2022 | MONOGRAPH | |||||||
| CBU-MAIN LIBRARY, KITWE. | CBU-MAIN LIBRARY, KITWE. | 12/24/2022 | SD 235.M3 Kum | 013373 | 12/24/2022 | 12/24/2022 | MONOGRAPH |